Reverse Dictionary #36 - Statistics

General Stats
  • This quiz has been taken 51 times
  • The average score is 17 of 25
Answer Stats
Definition First
Letter
Word % Correct
(sports) A ball game played by individuals competing against one another in which the object is to hit a ball into each of a series of (usually 18 or nine) holes in the minimum number of strokes. G Golf
100%
An alcoholic beverage made by fermenting grape juice, with an ABV ranging from 5.5–16%. W Wine
100%
Untrue, not factual, factually incorrect. F False
91%
One whose profession includes organizing, maintaining and auditing the records of another. The records are usually, but not always, financial records. A Accountant
87%
Damage to the body of a living thing. I Injury
87%
To make a surface very smooth or shiny by rubbing, cleaning, or grinding. P Polish
87%
To walk quietly with only the tips of the toes touching the ground. T Tiptoe
87%
(law) In civil proceedings, the party responding to the complaint; one who is sued and called upon to make satisfaction for a wrong complained of by another. D Defendant
85%
A sandwich consisting of a frankfurter or wiener, in a bread roll, usually topped with ketchup, mustard, relish, etc. H Hotdog
83%
A separate part of a building, enclosed by walls, a floor and a ceiling. R Room
80%
(social sciences) The study of resource allocation, distribution and consumption; of capital and investment; and of management of the factors of production. E Economics
76%
A crack, crevice, fissure, or hole which admits water or other fluid, or lets it escape. L Leak
76%
One who speaks for or acts on behalf of another in a particular (especially official) capacity. R Representative
76%
The physical structure of a human or animal seen as one single organism. B Body
72%
An action or statement in response to a stimulus or other event. R Reaction
72%
A rite; a repeated set of actions, especially in religious contexts. R Ritual
72%
To make clear or easily understood; to explain in order to remove doubt or obscurity. C Clarify
70%
The quality (positive or negative) that renders something desirable. V Value
70%
To follow behind (someone or something). T Trail
63%
Higher or superior in rank, dignity, or office. S Senior
50%
Advertising or other activity designed to rouse public interest in something. P Publicity
37%
To reveal, uncover, make visible, bring to light, introduce (to). E Expose
35%
Rendered incapable of action. P Paralyzed
28%
Falling within an accepted range of size, amount, power, quality, etc. S Standard
22%
(computing) A beneficial capability of a piece of software. F Feature
17%
No matching quizzes found
Score Distribution
Percent of People with Each Score
Percentile by Number Answered
Your Score History
You have not taken this quiz